000 00771nam0a22002411 4500
001 rc\1057725
005 20041129103934.4
035 _a(NLR Aleph) 006218653
090 _a6445724
_c6445724
100 _a20041129d1980 u |0rusy50 ca
101 0 _arus
102 _aRU
105 _aa |||||||||
200 1 _aСанитарная бактериология и вирусология синтетических моющих средств
210 _aКиев
_cЗдоров'я
_d1980
215 _a159 с.
_cил.
_d21
320 _aБиблиогр.: с. 150-158
700 1 _aГригорьева
_bЛ. В.
_gЛюдмила Владимировна
801 0 _aRU
_bNLR
_gpsbo
801 1 _aRU
_bELAR
_2rusmarc
852 _aNLR
_j80-3/6761
942 _cBOOK
980 _aNB